Òrbites : joieria : sortides professionals joieria :
Descripción Física:
1 díptic ; 14 x 14 cm
Materias:
Joies -- Exposicions
MARC
| LEADER | 00000nam a2200000Ia 4500 | ||
|---|---|---|---|
| 001 | 24328 | ||
| 008 | 160829s9999 xx 000 0 cat d | ||
| 080 | |a FU-64-143 | ||
| 245 | |a Òrbites : |b joieria : |b sortides professionals | ||
| 260 | |a Barcelona : |b Diputació de Barcelona. Escola d'Arts i Oficis, [s.a.] | ||
| 300 | |a 1 díptic ; |c 14 x 14 cm | ||
| 590 | |a Fulletó de l'exposició celebrada del 4 al 13 de juliol a la seu del FAD | ||
| 650 | |a Joies |x Exposicions |9 50207 | ||
| 710 | |a Barcelona (Catalunya : Província). |b Àrea d'Educació |9 8009 | ||
| 901 | |a Arxiu | ||
| 942 | |n 1 | ||
| 952 | |0 0 |1 0 |4 0 |6 FU64143 |7 1 |9 55838 |a Arxiu |b Arxiu |d 2016-12-01 |l 0 |o FU-64-143 |p 24328 |r 2016-12-01 00:00:00 |w 2016-12-01 |y ARXIU | ||
| 999 | |c 59711 |d 59711 | ||